书目信息 |
| 题名: |
世界现代建筑画精选丛书 室内建筑画
|
|
| 作者: | 刘文志 主编 | |
| 分册: | ||
| 出版信息: | 哈尔滨 黑龙江科学技术出版社 1998.02 |
|
| 页数: | 192页 | |
| 开本: | 16开 | |
| 丛书名: | ||
| 单 册: | ||
| 中图分类: | ||
| 科图分类: | ||
| 主题词: | ||
| 电子资源: | ||
| ISBN: | 7-5388-2318-2 | |
| 000 | 00632nam0 2200193 45 | |
| 001 | 9912111009 | |
| 005 | 19991211104121.9 | |
| 010 | @a7-5388-2318-2@d58.00元 | |
| 100 | @a19991211d1998 km y0chiy0120 ea | |
| 101 | @achi | |
| 105 | @a z 000yy | |
| 200 | 1 | @a世界现代建筑画精选丛书 室内建筑画@AShi Jie Xian Dai Jian Zhu Hua Jing Xuan Cong Shu Shi Nei Jian Zhu Hua@f刘文志,李晓霁主编@FLiu Wen Zhi,Li Xiao Ji Zhu Bian |
| 210 | @a哈尔滨@c黑龙江科学技术出版社@d1998.02 | |
| 215 | @a192页@d16开 | |
| 690 | @v3 | |
| 690 | @aTU204-51 | |
| 701 | @a刘文志@4主编 | |
| 801 | @aCN@bPFTUser@c19991211 | |
| 905 | @f4@b46884-887@dTU204-51@eL979/3 | |
| 世界现代建筑画精选丛书 室内建筑画/刘文志,李晓霁主编.-哈尔滨:黑龙江科学技术出版社,1998.02 |
| 192页;16开 |
| ISBN 7-5388-2318-2:58.00元 |
| ● |
| 相关链接 |
|
|
|
正题名:世界现代建筑画精选丛书室内建筑画
索取号:TU204-51/L979/3
 
预约/预借
| 序号 | 登录号 | 条形码 | 馆藏地/架位号 | 状态 | 备注 |
| 1 | 46884 | 200468840 | 自科二线404/404自科库 24排5列1层/ [索取号:TU204-51/L979/3] | 在馆 | |
| 2 | 46885 | 200468859 | 建筑库101/101建筑库 110排7列3层/ [索取号:TU204-51/L979/3] | 在馆 | |
| 3 | 46886 | 200468868 | 自科二线404/404自科库 25排1列4层/ [索取号:TU204-51/L979/3] | 在馆 | |
| 4 | 46887 | 200468877 | 建筑库101/101建筑库 110排7列3层/ [索取号:TU204-51/L979/3] | 在馆 |